Teaching Methods For Yogic Pratice (Record no. 11776)

MARC details
000 -LEADER
fixed length control field 00371nam a2200145Ia 4500
008 - FIXED-LENGTH DATA ELEMENTS--GENERAL INFORMATION
fixed length control field 220613s9999||||xx |||||||||||||| ||und||
020 ## - INTERNATIONAL STANDARD BOOK NUMBER
International Standard Book Number+Amount 9788189485245
100 ## - MAIN ENTRY--PERSONAL NAME
Author Name Gharote M L & Ganguly S K
245 #0 - TITLE STATEMENT
Title Teaching Methods For Yogic Pratice
250 ## - EDITION STATEMENT
Edition 1st(1988)6thReprint(2019)
260 ## - PUBLICATION, DISTRIBUTION, ETC. (IMPRINT)
Name of publisher Kaivalyadhama Lonavia
300 ## - PHYSICAL DESCRIPTION
Page No 145
650 ## - SUBJECT ADDED ENTRY--TOPICAL TERM
Subject yoga
942 ## - ADDED ENTRY ELEMENTS (KOHA)
Koha item type GB
Holdings
Withdrawn status Lost status Source of classification or shelving scheme Damaged status Not for loan Home library Current library Date acquired Total Checkouts Barcode Koha item type Date last seen Date checked out
    Dewey Decimal Classification     SRHU Library System SRHU Library System 25/01/2024   CL0019932 Yoga Science    
    Dewey Decimal Classification     SRHU Library System SRHU Library System 25/01/2024   CL0019933 Yoga Science    
    Dewey Decimal Classification     SRHU Library System SRHU Library System 25/01/2024   CL0019934 Yoga Science    
    Dewey Decimal Classification     SRHU Library System SRHU Library System 25/01/2024   CL0019935 Yoga Science    
    Dewey Decimal Classification     SRHU Library System SRHU Library System 13/12/2022 1 CL0019936 Yoga Science 06/01/2023 13/12/2022
    Dewey Decimal Classification     SRHU Library System SRHU Library System 06/01/2023 1 CL0019937 Yoga Science 24/01/2023 06/01/2023
    Dewey Decimal Classification     SRHU Library System SRHU Library System 25/01/2024   CL0019938 Yoga Science    
    Dewey Decimal Classification     SRHU Library System SRHU Library System 25/01/2024   CL0019939 Yoga Science    
    Dewey Decimal Classification     SRHU Library System SRHU Library System 25/01/2024   CL0019940 Yoga Science    
    Dewey Decimal Classification     SRHU Library System SRHU Library System 25/01/2024   CL0019941 Yoga Science    
    Dewey Decimal Classification     SRHU Library System SRHU Library System 25/01/2024   CL0019942 Yoga Science    
    Dewey Decimal Classification     SRHU Library System SRHU Library System 25/01/2024   CL0019943 Yoga Science    
    Dewey Decimal Classification     SRHU Library System SRHU Library System 25/01/2024   CL0019944 Yoga Science    
    Dewey Decimal Classification     SRHU Library System SRHU Library System 25/01/2024   CL0019945 Yoga Science    
    Dewey Decimal Classification     SRHU Library System SRHU Library System 25/01/2024   CL0019946 Yoga Science    
Designed & Maintained by: SRHU Library System
Central Library, Contact: